000 00498nam a22001577a 4500
005 20251108165015.0
008 250721s1986 xx 000 0 ara d
082 1 4 _a531.6/محم
100 1 _aطه، محمود سري
245 1 0 _aالطاقة التقليدية و النووية في مصر و العالم /
264 1 _aالقاهره :
_bالهيئة المصرية العامة للكتاب،
_c1986.
300 _a241ص
650 1 7 _aالطاقة
942 _2ddc
_cBK
999 _c19702
_d19702